00497nam a22001577a 450000500170000001000480001702000260006503500140009103700270010508200060013210000190013824500460015726000440020327000630024730000290031020230810115112.0 aB-755555 CHEN 25.5.23 a9789352768639c695.00 aB-755555  bOm Books International aS aGanguly,Swayam a365 Tales Of Hanuman /cby Swayam Ganguly aNew DelhibOm Books Internationalc2022 a107, Ansari Road, Darya Ganj, New DelhibNew Delhie110002 a235p.bcol.illc27cm(Hb)